Catálogo
 En Linea

El corregidor de indios y la economía peruana del siglo XVIII/ : (Registro nro. 5386)

Detalles MARC
000 -CABECERA
campo de control de longitud fija 00670nam a2200181 a 4500
001 - NÚMERO DE CONTROL
campo de control 000005587
005 - FECHA Y HORA DE LA ÚLTIMA TRANSACCIÓN
campo de control 20200929151722.0
008 - DATOS DE LONGITUD FIJA--INFORMACIÓN GENERAL
campo de control de longitud fija 090820s1977 sp 001 0 spa d
020 ## - NÚMERO INTERNACIONAL ESTÁNDAR DEL LIBRO
Número Internacional Estándar del Libro 8400036948
040 ## - FUENTE DE LA CATALOGACIÓN
Centro catalogador/agencia de origen DO-SdBNP
049 ## - FONDOS LOCALES (OCLC)
Fondos de biblioteca BNPD
100 1# - ENTRADA PRINCIPAL--NOMBRE DE PERSONA
Nombre de persona Moreno Febrian, Alfredo
9 (RLIN) 15775
245 13 - MENCIÓN DE TÍTULO
Título El corregidor de indios y la economía peruana del siglo XVIII/ :
Resto del título los repartos forzozos de mercancías: /
Mención de responsabilidad, etc. Alfredo Moreno Cebrian.
260 ## - PUBLICACIÓN, DISTRIBUCIÓN, ETC.
Lugar de publicación, distribución, etc. Madrid :
Nombre del editor, distribuidor, etc. Consejo superior de investigaciones cientificas instuto <<G. Fernández de Oviedo>>,
Fecha de publicación, distribución, etc. 1977.
300 ## - DESCRIPCIÓN FÍSICA
Extensión 801 p. :
Otras características físicas diagr. ;
Dimensiones 24 cm.
500 ## - NOTA GENERAL
Nota general Incluye índice
500 ## - NOTA GENERAL
Nota general Incluye nota al pie de las páginas
Existencias
Estado de retiro Estado de pérdida Restricciones de uso No para préstamo Código de colección Localización permanente Ubicación/localización actual Ubicación en estantería Fecha de adquisición Número de inventario Total de préstamos Signatura topográfica completa Código de barras Fecha visto por última vez Precio válido a partir de Tipo de ítem Koha
      Excluido de préstamo Monografías: Libros y Folletos General General En catalogación 20.08.2009 LF1   5587-10 25.06.2020 25.06.2020 No se presta

Con tecnología Koha